000 00986cab a2200265 4500
001 ABS47083
008 090401t1992 xxu||||| |||| 00| 0 eng d
035 _a(Sirsi) u60752
041 _aeng
100 _aMiller, W.
245 _aAppointment of surveyors to determine rent reviews
260 _c1992
350 _a0
490 _aRent Review & Lease Renewal
_v12(4) Summer 1992, 342-345(4)
520 _aThis second paper in a series by the author looking at standard rent review provisions highlights the independent surveyor`s role in the rent review process and the considerations which may lead to his or her appointment as arbitrator or expert. (For first paper see Abstract 46598)
650 _aARBITRATION ACT 1950
650 _aARBITRATION ACT 1979
650 _aARBITRATORS
650 _aEXPERT WITNESS
_96239
650 _aINDEPENDENT SURVEYOR
650 _aRENT REVIEWS
690 _aLANDLORD AND TENANT-RENT REVIEWS
942 _n0
948 _c04/03/1997
999 _c37541
_d37541